000 00800nam a2200229 4500
001 148197
003 ES-MaACL
005 20230906202504.0
007 t|
008 070214s1970 sp r ||||1| spa d
100 1 _aStanbury, Percy.
_9107888
245 1 0 _aTiro al plato /
_cPercy Stanbury, G. L. Carlisle ; fotografías de G. L. Carlisle ; prefacio y supervisión de Jorge de Pallejá ; traducción de Jorge Beltrán Ferrer.
260 _aBarcelona :
_bEd. Hispano Europea,
_c1970.
300 _a232 p., 16 lám. :
_bil. ;
_c22 cm.
490 1 _aCol. herakles
700 1 _aCarlisle, G. L.
_935285
700 0 _aPallejá, Jorge de.
_988593
700 1 _aBeltrán, Jordi (
_d1941-)
_927364
830 0 _aCol. herakles
_9187500
852 _aES-MaACL
_jC-51149
_bR.76518
999 _c148197
_d148197